| 000 | 00370nam a2200133Ia 4500 | ||
|---|---|---|---|
| 008 | 210210b1964 xxu||||| |||| 00| 0 eng d | ||
| 082 | _a302 BERH | ||
| 100 | _aBERELSON (Bernard) & STEINER (Gary A). | ||
| 245 | _aHuman behaviour: shorter edition. | ||
| 260 |
_aNY _bHarcourt, Brace & World. _c1964 |
||
| 300 | _aviii,225 | ||
| 690 | _aSocial Psychology | ||
| 906 | _a040894 | ||
| 999 |
_c90847 _d90847 |
||